000 00410nam a22001577a 4500
003 OSt
005 20220117094845.0
008 220117b |||||||| |||| 00| 0 eng d
020 _a0340691980
040 _cH.U
082 _a604.2
100 _aMaguire
_928130
245 _aEngineerring Drawing Form First Principles Using Auto CAD
260 _aNew York
_bButtetwoth Heinemann
_c1998
942 _2ddc
_cBOOKS
_n0
999 _c27217
_d27217